000
00195nam a2200097Ia 4500
008
240331s9999 xx 000 0 und d
082
_b
SIV
100
_a
Sivadas
245
0
_a
nalamudan
942
_c
L
999
_c
4597
_d
4597